[Event "Online Olym Div4 A"]
[Site "Chess.com INT"]
[Date "2021.08.21"]
[Round "6.6"]
[White "Kwong, Wing Ki"]
[Black "Nabeel, Abdul Mushin"]
[Result "1-0"]
[WhiteElo "1876"]
[BlackElo "1314"]
[PlyCount "111"]
[EventDate "2021.08.20"]
[EventType "team (rapid)"]
[EventRounds "11"]
[EventCountry "USA"]
[SourceTitle "CBM 203 Extra"]
[Source "ChessBase"]
[SourceDate "2021.09.30"]
[SourceVersion "1"]
[SourceVersionDate "2021.09.30"]
[SourceQuality "1"]
[WhiteTeam "Hong Kong"]
[BlackTeam "Maldives"]
[WhiteTeamCountry "HKG"]
[BlackTeamCountry "MDV"]

1. d4 Nf6 2. c4 e6 3. Nf3 d5 4. Nc3 Bb4 5. Qc2 0-0 6. a3 Be7 7. Bg5 Nc6 8. e3 h6 9. Bh4 dxc4 10. Bxc4 Na5 11. Bd3 Nd5 12. Bxe7 Qxe7 13. 0-0 Nxc3 14. Qxc3 Nc6 15. b4 a6 16. Rac1 Bd7 17. e4 Rac8 18. d5 Na7 19. Qb3 Bb5 20. dxe6 Bxd3 21. exf7+ Kh8 22. Qxd3 Rfd8 23. Qb3 Rf8 24. e5 Rxf7 25. e6 Rf6 26. Rfe1 Nb5 27. Ne5 Re8 28. Qd3 Qxe6 29. Ng6+ Rxg6 30. Rxe6 Rgxe6 31. h3 Re1+ 32. Rxe1 Rxe1+ 33. Kh2 Nd6 34. Qc3 Re7 35. Qc5 Kg8 36. a4 b6 37. Qd5+ Kf8 38. Qa8+ Kf7 39. Qxa6 Ne4 40. Qc4+ Ke8 41. Qd4 c5 42. bxc5 bxc5 43. Qd5 Nxf2 44. Qxc5 Ne4 45. Qc6+ Kf7 46. a5 Re6 47. Qd5 Nf6 48. Qc4 Ke7 49. Qc7+ Nd7 50. Qc4 Ne5 51. Qc5+ Kf6 52. Qb5 Nf7 53. a6 Nd6 54. Qb2+ Kf7 55. a7 Re8 56. Qb8 1-0